[Event "Bad Woerishofen op"]
[Site "?"]
[Date "2000.??.??"]
[Round "8"]
[White "Mittelsteiner, Horst"]
[Black "Garnier-Salvi, Vince"]
[Result "1/2-1/2"]
[WhiteElo "2022"]
[BlackElo "1740"]
[PlyCount "33"]
[EventDate "2000.??.??"]

1. e4 c5 2. Nf3 Nc6 3. d4 cxd4 4. Nxd4 Nf6 5. Nc3 d6 6. Be2 g6 7. O-O Bg7 8.
Be3 O-O 9. h3 d5 10. Nxc6 bxc6 11. exd5 cxd5 12. Bd4 a5 13. a4 Ba6 14. Nb5 Re8
15. Be5 Ne4 16. Bxg7 Kxg7 17. c3 1/2-1/2

[Event "Bad Woerishofen op"]
[Site "Bad Woerishofen"]
[Date "2000.??.??"]
[Round "1"]
[White "Moehle, Friedrich"]
[Black "Medvegy, Nora"]
[Result "0-1"]
[WhiteElo "1896"]
[BlackElo "2275"]
[PlyCount "68"]
[EventDate "1998.03.05"]
[Source "ChessBase"]
[SourceDate "1998.04.29"]

1. e4 c5 2. Nf3 e6 3. d4 cxd4 4. Nxd4 Nc6 5. Be3 Nf6 6. Nd2 d5 7. exd5 Nxd5 8.
Nxc6 bxc6 9. Qf3 Nxe3 10. Qxe3 Be7 11. Bd3 O-O 12. O-O Bf6 13. c3 Rb8 14. Nb3
Qb6 15. Qe4 g6 16. Qf4 Bg7 17. Rfd1 e5 18. Qg3 Be6 19. Bc2 a5 20. Rab1 a4 21.
Nc1 Rfd8 22. Qf3 Rxd1+ 23. Qxd1 Rd8 24. Qe1 Bh6 25. b4 Rd2 26. Bxa4 Rxf2 27.
Qxf2 Be3 28. Nd3 Bxf2+ 29. Nxf2 Bxa2 30. Re1 f6 31. Bc2 Bc4 32. Re4 Bd5 33. Re1
Qa7 34. Bd3 Qa3 0-1

[Event "Bad Woerishofen op"]
[Site "?"]
[Date "2000.??.??"]
[Round "3"]
[White "Moehle, Friedrich"]
[Black "Goy, Udo"]
[Result "1/2-1/2"]
[WhiteElo "1896"]
[BlackElo "2150"]
[PlyCount "43"]
[EventDate "2000.??.??"]

1. e4 g6 2. Nf3 Bg7 3. d4 d6 4. Be2 c6 5. O-O e5 6. dxe5 dxe5 7. Qxd8+ Kxd8 8.
Nc3 Nd7 9. Be3 f6 10. Rad1 Kc7 11. Rd2 Bh6 12. Bxh6 Nxh6 13. Rfd1 Rf8 14. h3 a5
15. a4 Nf7 16. Bc4 Nc5 17. b3 Rb8 18. Kf1 g5 19. Ne1 h5 20. Nd3 Ne6 21. Bxe6
Bxe6 22. Nc5 1/2-1/2

[Event "Bad Woerishofen op"]
[Site "?"]
[Date "2000.??.??"]
[Round "5"]
[White "Moehle, Friedrich"]
[Black "Sakowski, Christian"]
[Result "1-0"]
[WhiteElo "1896"]
[BlackElo "1723"]
[PlyCount "47"]
[EventDate "2000.??.??"]

1. e4 c6 2. d4 d5 3. Nc3 dxe4 4. Nxe4 Nd7 5. c3 Ngf6 6. Bd3 Nxe4 7. Bxe4 Nf6 8.
Bc2 e6 9. Nf3 Be7 10. O-O Qc7 11. Re1 O-O 12. Ng5 h6 13. Ne4 Re8 14. Qf3 Nd5
15. c4 Nb6 16. b3 Bd7 17. Bf4 Qd8 18. Qd3 f5 19. Re3 g5 20. Be5 Rf8 21. g4 Be8
22. Rh3 Kh7 23. Rxh6+ Kg8 24. Qh3 1-0

[Event "Bad Woerishofen op"]
[Site "?"]
[Date "2000.??.??"]
[Round "7"]
[White "Moehle, Friedrich"]
[Black "Stiepan, Hans-Michael"]
[Result "1-0"]
[WhiteElo "1896"]
[BlackElo "1644"]
[PlyCount "85"]
[EventDate "2000.??.??"]

1. e4 e5 2. Nc3 Nf6 3. Bc4 Bb4 4. Nd5 Nxd5 5. Bxd5 O-O 6. a4 c6 7. Ba2 d5 8. c3
Bc5 9. b4 Bb6 10. Ba3 Qh4 11. Qf3 Qxe4+ 12. Qxe4 dxe4 13. h4 Re8 14. a5 Bc7 15.
Ne2 Be6 16. Ng3 Bxa2 17. Rxa2 Nd7 18. Nxe4 f5 19. Ng3 g6 20. h5 Kf7 21. Bb2 e4
22. Ne2 Ne5 23. hxg6+ Kxg6 24. Nf4+ Kg5 25. Nh3+ Kg4 26. Kf1 Rad8 27. d4 exd3
28. Bc1 Nc4 29. f3+ Kg3 30. Nf4 Re1+ 31. Kxe1 d2+ 32. Rxd2 Nxd2 33. Ne2+ Kxg2
34. Rg1+ Kxf3 35. Bxd2 Re8 36. Rf1+ Kg4 37. Kf2 Re7 38. Rg1+ Kh5 39. Rg5+ Kh4
40. Rxf5 Rd7 41. Nd4 b6 42. Kf3 Bg3 43. Rf6 1-0

[Event "Bad Woerishofen op"]
[Site "?"]
[Date "2000.??.??"]
[Round "9"]
[White "Moehle, Friedrich"]
[Black "Hoennekes, Klaus"]
[Result "0-1"]
[WhiteElo "1896"]
[BlackElo "2092"]
[PlyCount "152"]
[EventDate "2000.??.??"]

1. e4 g6 2. d4 Bg7 3. Nf3 c6 4. Nc3 d5 5. exd5 cxd5 6. Be2 Nc6 7. O-O Nf6 8.
Bf4 O-O 9. Ne5 Bd7 10. Bf3 e6 11. Qd2 Rc8 12. Bg5 Ne7 13. Rfe1 Bc6 14. Qf4 Ne8
15. Nxc6 bxc6 16. Bxe7 Qxe7 17. a3 Nd6 18. Na4 Nf5 19. c3 h5 20. g3 Rfe8 21.
Bg2 Kh7 22. Nc5 Rb8 23. Qd2 Bh6 24. Qc2 Rbd8 25. Re2 Bf8 26. Rae1 Bg7 27. Nd3
Qc7 28. Bh3 Rf8 29. Nc5 Rfe8 30. b4 Ra8 31. Bxf5 gxf5 32. Nb3 Qd8 33. f4 Qf6
34. h4 Bh6 35. Rf1 Rg8 36. Rg2 Rg4 37. Nc5 Rag8 38. Rf3 Qe7 39. Nd3 Bg7 40. Nf2
Rg6 41. Nd3 Bf6 42. Ne1 Kh6 43. Qd3 Qb7 44. Rff2 Rc8 45. Nf3 Rgg8 46. Qd2 Qb5
47. Qc2 a5 48. Kh2 Ra8 49. Qc1 Ra7 50. Ne5 Bxe5 51. fxe5+ Kh7 52. Qd1 Rg4 53.
Rf4 Qb7 54. Rxg4 hxg4 55. Qc1 Qe7 56. Rf2 Kg6 57. Kg2 Kg7 58. Ra2 Kh7 59. Qd2
Qf8 60. Kf2 Qg7 61. Qe3 Qg8 62. Qc1 Qd8 63. Re2 Qe7 64. Re3 f4 65. Qb1+ Kg7 66.
Re1 axb4 67. axb4 Ra3 68. Qb2 Qa7 69. Re2 f3 70. Rd2 Ra1 71. Ke3 Re1+ 72. Kd3
Qa6+ 73. b5 Qxb5+ 74. Qxb5 cxb5 75. Rb2 Kg6 76. Rxb5 f2 0-1

[Event "Bad Woerishofen op"]
[Site "?"]
[Date "2000.??.??"]
[Round "2"]
[White "Mossekel, Manfred"]
[Black "Beck, Alexander"]
[Result "0-1"]
[WhiteElo "1657"]
[BlackElo "1932"]
[PlyCount "62"]
[EventDate "2000.??.??"]

1. e4 d5 2. exd5 Nf6 3. Bb5+ Bd7 4. Bxd7+ Qxd7 5. Nf3 Nxd5 6. O-O Nc6 7. d3 e6
8. Nbd2 Be7 9. Ne4 h6 10. a3 O-O-O 11. Bd2 f5 12. Nc3 Bf6 13. Nxd5 Qxd5 14. Bc3
e5 15. Re1 g5 16. Nd2 g4 17. Nc4 h5 18. Qe2 Rde8 19. Ne3 Qd7 20. f4 h4 21. Qf1
Nd4 22. Bxd4 Qxd4 23. Kh1 h3 24. g3 exf4 25. Qxf4 Qxf4 26. gxf4 Bxb2 27. Rab1
Bc3 28. Re2 Re6 29. Rb3 Bd4 30. Nxf5 Rxe2 31. Nxd4 Re1# 0-1

[Event "Bad Woerishofen op"]
[Site "?"]
[Date "2000.??.??"]
[Round "4"]
[White "Mossekel, Manfred"]
[Black "Auer, Conny"]
[Result "1/2-1/2"]
[WhiteElo "1657"]
[BlackElo "2035"]
[PlyCount "81"]
[EventDate "2000.??.??"]

1. d4 Nf6 2. e3 g6 3. f4 Bg7 4. Bd3 d5 5. Nf3 c5 6. c3 c4 7. Bc2 O-O 8. O-O Nc6
9. Nbd2 b5 10. a3 Ng4 11. Qe1 f5 12. h3 Nf6 13. Qh4 Ne4 14. Nxe4 fxe4 15. Ne5
Nxe5 16. fxe5 Rxf1+ 17. Kxf1 Bb7 18. Bd2 Qd7 19. Kg1 Bc6 20. Rf1 a5 21. Bd1 e6
22. Kh1 Rb8 23. Qf2 Qe7 24. Kg1 Bd7 25. Qe1 g5 26. Bh5 Be8 27. Bxe8 Rxe8 28.
Qe2 Rf8 29. Rxf8+ Bxf8 30. Qg4 h6 31. h4 Kh7 32. h5 Qf7 33. Qd1 Be7 34. g4 Kg7
35. Qf1 Qxf1+ 36. Kxf1 Kf7 37. Ke2 Ke8 38. Kd1 Kd7 39. Kc2 Kc6 40. Be1 b4 41.
a4 1/2-1/2

[Event "Bad Woerishofen op"]
[Site "?"]
[Date "2000.??.??"]
[Round "6"]
[White "Mossekel, Manfred"]
[Black "Ring, Gregor"]
[Result "0-1"]
[WhiteElo "1657"]
[BlackElo "1776"]
[PlyCount "62"]
[EventDate "2000.??.??"]

1. d4 Nf6 2. e3 e6 3. f4 b6 4. Nf3 Bb7 5. Bd3 Be7 6. O-O O-O 7. Qe2 c5 8. c3 h6
9. Nbd2 Qc7 10. Ne5 d6 11. Ng4 Nbd7 12. Nxf6+ Nxf6 13. f5 e5 14. dxe5 dxe5 15.
e4 Rac8 16. g4 Rfd8 17. h4 Nxg4 18. Qxg4 Rxd3 19. f6 Bf8 20. Nf3 h5 21. Qxh5
Bxe4 22. Nxe5 Bg6 23. Qg5 gxf6 24. Rxf6 Rd5 25. Bf4 Bg7 26. Rxg6 fxg6 27. Qxg6
Rxe5 28. Bxe5 Qxe5 29. Rf1 Rf8 30. h5 Rxf1+ 31. Kxf1 Qf6+ 0-1

[Event "Bad Woerishofen op"]
[Site "?"]
[Date "2000.??.??"]
[Round "8"]
[White "Mossekel, Manfred"]
[Black "Fries, Elisabeth"]
[Result "1/2-1/2"]
[WhiteElo "1657"]
[BlackElo "1417"]
[PlyCount "39"]
[EventDate "2000.??.??"]

1. e4 d5 2. exd5 Qxd5 3. Nc3 Qa5 4. d4 c6 5. Bc4 Bf5 6. Nf3 Nd7 7. O-O e6 8.
Bd2 Qc7 9. Re1 Be7 10. Bb3 Ngf6 11. h3 h6 12. Ne5 Nb6 13. Qe2 Bd6 14. g4 Bh7
15. Nxf7 Qxf7 16. Bxe6 Qe7 17. Qf3 Qf8 18. Bf5+ Kd8 19. Ne4 Nxe4 20. Rxe4
1/2-1/2

[Event "Bad Woerishofen op"]
[Site "Bad Woerishofen"]
[Date "2000.??.??"]
[Round "2"]
[White "Mueller, Thorsten"]
[Black "Gutman, Lev"]
[Result "0-1"]
[WhiteElo "2193"]
[BlackElo "2488"]
[PlyCount "92"]
[EventDate "1998.03.05"]
[Source "ChessBase"]
[SourceDate "1998.04.29"]

1. d4 Nf6 2. Nf3 g6 3. Bf4 Bg7 4. h3 d6 5. e3 O-O 6. Bc4 Qe8 7. O-O c5 8. c3 b5
9. Be2 b4 10. cxb4 cxd4 11. exd4 Nd5 12. Bd2 Nc6 13. Nc3 Ncxb4 14. a3 Nxc3 15.
bxc3 Nd5 16. Bd3 Bb7 17. Rb1 Nb6 18. Qc2 Rc8 19. Bb5 Qd8 20. Rfe1 e6 21. a4 Bd5
22. Ba6 Rc7 23. Rec1 Nc4 24. Bg5 Qa8 25. Ne1 h6 26. Bh4 e5 27. Rb4 Na5 28. c4
Be6 29. dxe5 dxe5 30. Bg3 Nc6 31. Rbb1 Nd4 32. Qd2 Nf5 33. Qc3 Qe4 34. c5 Qxa4
35. Ra1 Qd4 36. Qa5 Qd8 37. Bh2 Nd4 38. Rd1 Re7 39. Qb4 Rd7 40. Qa3 Qc7 41.
Rab1 Rfd8 42. Nd3 Bd5 43. Qb4 Bxg2 44. Nxe5 Bxe5 45. Bxe5 Qxe5 46. Kxg2 Qe4+
0-1

[Event "Bad Woerishofen op"]
[Site "?"]
[Date "2000.??.??"]
[Round "4"]
[White "Mueller, Thorsten"]
[Black "Lechner, Otto"]
[Result "1-0"]
[WhiteElo "2193"]
[BlackElo "1820"]
[PlyCount "61"]
[EventDate "2000.??.??"]

1. d4 Nf6 2. Nf3 d6 3. h3 c6 4. c3 Qc7 5. Bf4 Nbd7 6. e3 e5 7. Bh2 Be7 8. Be2
O-O 9. O-O Ne8 10. Nbd2 Kh8 11. a4 f5 12. dxe5 Nxe5 13. Nc4 Nxf3+ 14. Bxf3 Be6
15. Na3 Qd7 16. Qc2 g5 17. Rad1 Rd8 18. Rfe1 Qc8 19. Rd2 Nf6 20. Red1 g4 21.
hxg4 fxg4 22. Be2 d5 23. Bd3 Bd6 24. Bxd6 Rxd6 25. c4 Rdd8 26. cxd5 Bxd5 27.
Bf5 Qc7 28. Qc3 g3 29. f3 Bg8 30. Rxd8 Rxd8 31. Qxf6+ 1-0

[Event "Bad Woerishofen op"]
[Site "?"]
[Date "2000.??.??"]
[Round "6"]
[White "Mueller, Thorsten"]
[Black "van Hoolandt, Patrick"]
[Result "1/2-1/2"]
[WhiteElo "2193"]
[BlackElo "2098"]
[PlyCount "93"]
[EventDate "2000.??.??"]

1. d4 Nf6 2. Nf3 e6 3. Bf4 c5 4. e3 Qb6 5. Nc3 Be7 6. Nb5 Nd5 7. Bg3 a6 8. e4
axb5 9. exd5 d6 10. dxe6 Bxe6 11. d5 Bd7 12. Be2 Bf6 13. c3 O-O 14. O-O Na6 15.
Nd2 Rfe8 16. Bd3 c4 17. Bb1 Nc5 18. Qf3 Be5 19. Kh1 g6 20. Bc2 Qd8 21. Rfe1 Qg5
22. Bxe5 Rxe5 23. Rxe5 Qxe5 24. a4 Nxa4 25. Ne4 Bf5 26. Ng5 Rf8 27. Bxf5 Qxf5
28. Ne4 Qxf3 29. gxf3 Rd8 30. Kg2 h6 31. f4 f5 32. Nd2 Rd7 33. Nxc4 Kf7 34. Ne3
Nxb2 35. Rb1 Na4 36. Nd1 Re7 37. Rxb5 Ke8 38. Ra5 Nc5 39. Ra8+ Kf7 40. Ne3 Ne4
41. c4 Rc7 42. Rd8 Ke7 43. Rg8 Kf6 44. Rd8 Ke7 45. Rg8 Kf7 46. Rd8 Re7 47. h4
1/2-1/2

[Event "Bad Woerishofen op"]
[Site "?"]
[Date "2000.??.??"]
[Round "8"]
[White "Mueller, Thorsten"]
[Black "Lipinski, Fabian"]
[Result "0-1"]
[WhiteElo "2193"]
[BlackElo "2313"]
[PlyCount "86"]
[EventDate "2000.??.??"]

1. d4 d5 2. Nf3 Nf6 3. Bf4 c5 4. c3 Nc6 5. e3 Qb6 6. Qb3 c4 7. Qc2 Bf5 8. Qc1
e6 9. h3 Be7 10. Be2 O-O 11. O-O Rfc8 12. Nbd2 Qd8 13. Ne5 Nxe5 14. Bxe5 b5 15.
g4 Bg6 16. f4 Qd7 17. Bxf6 Bxf6 18. Nf3 Be4 19. g5 Be7 20. Ne5 Qc7 21. Qe1 Rf8
22. Bg4 Qd6 23. Qg3 Kh8 24. Bh5 f6 25. Nf7+ Rxf7 26. Bxf7 g6 27. Qh4 Rf8 28.
gxf6 Bd8 29. f5 Rxf7 30. fxg6 Bxg6 31. Qg5 Bf5 32. Rf4 Bxf6 33. Qh5 Rg7+ 34.
Kf2 Bg5 35. Rg1 Qe7 36. Rxg5 Qxg5 37. Qxg5 Rxg5 38. h4 Rg4 39. Rxg4 Bxg4 40.
Kg3 Bf5 41. Kf4 Kg7 42. Kg5 h6+ 43. Kh5 a5 0-1

[Event "Bad Woerishofen op"]
[Site "Bad Woerishofen"]
[Date "2000.??.??"]
[Round "1"]
[White "Mueller, Wolfgang"]
[Black "Loos, Udo"]
[Result "0-1"]
[WhiteElo "1493"]
[BlackElo "2109"]
[PlyCount "66"]
[EventDate "1998.03.05"]
[Source "ChessBase"]
[SourceDate "1998.04.29"]

1. e4 c5 2. Nf3 Nc6 3. d4 cxd4 4. Nxd4 g6 5. Nxc6 bxc6 6. Be3 Bg7 7. c3 Nf6 8.
Bd3 d6 9. h3 O-O 10. O-O Qc7 11. Nd2 Bd7 12. f4 Rab8 13. Qc2 c5 14. f5 gxf5 15.
exf5 Nd5 16. Rae1 Bb5 17. Rf3 Bc6 18. Rg3 Kh8 19. f6 Nxf6 20. Nf3 c4 21. Bf1
Be4 22. Qd2 Bg6 23. Nh4 Ne4 24. Nxg6+ hxg6 25. Qc1 Nxg3 26. Bh6 Qb6+ 27. Kh2
Be5 28. Rxe5 Nxf1+ 29. Qxf1 dxe5 30. Qxc4 Qf6 31. Be3 Rxb2 32. Qa4 Rc8 33. Qxa7
Qc6 0-1

[Event "Bad Woerishofen op"]
[Site "?"]
[Date "2000.??.??"]
[Round "3"]
[White "Mueller, Wolfgang"]
[Black "Duckstein, Torsten"]
[Result "1/2-1/2"]
[WhiteElo "1493"]
[BlackElo "1842"]
[PlyCount "101"]
[EventDate "2000.??.??"]

1. e4 d5 2. exd5 Qxd5 3. Nc3 Qa5 4. d4 c6 5. Nf3 Bf5 6. Bd3 Nf6 7. Bxf5 Qxf5 8.
Qe2 e6 9. a3 Bd6 10. Be3 O-O 11. O-O-O Qa5 12. Qd3 Nbd7 13. h4 h5 14. Ng5 b5
15. Rhg1 b4 16. axb4 Bxb4 17. g4 Bxc3 18. bxc3 hxg4 19. Rxg4 Qf5 20. Qxf5 exf5
21. Rg2 g6 22. Nf3 Rfb8 23. Rdg1 a5 24. h5 Nxh5 25. Rh2 Kf8 26. Bh6+ Ke8 27.
Re1+ Kd8 28. Ng5 a4 29. Nxf7+ Kc7 30. Rxh5 gxh5 31. Bf4+ Kb6 32. Bxb8 Rxb8 33.
Nd6 Rf8 34. Kb2 Rf6 35. Nc4+ Kb5 36. Ne5 Nb6 37. Ka2 Ka6 38. Ka3 Rh6 39. f4 h4
40. c4 h3 41. c5 Nd5 42. Kxa4 h2 43. Rh1 Nxf4 44. Nf3 Ne2 45. Rxh2 Rxh2 46.
Nxh2 Nxd4 47. c4 Ne6 48. Kb4 Nf4 49. Kc3 Ne6 50. Kb4 Ng5 51. Kc3 1/2-1/2

[Event "Bad Woerishofen op"]
[Site "?"]
[Date "2000.??.??"]
[Round "5"]
[White "Mueller, Wolfgang"]
[Black "Koenigseder, Helmut"]
[Result "0-1"]
[WhiteElo "1493"]
[BlackElo "1753"]
[PlyCount "84"]
[EventDate "2000.??.??"]

1. e4 c5 2. Nf3 d6 3. d4 cxd4 4. Nxd4 Nf6 5. Bd3 a6 6. O-O e6 7. Be3 Be7 8. Nd2
O-O 9. f4 Nc6 10. Nxc6 bxc6 11. e5 Nd5 12. Bxh7+ Kxh7 13. Qh5+ Kg8 14. Rf3 Nxe3
15. Rh3 f5 16. Qh7+ Kf7 17. Qh5+ g6 18. Qh7+ Ke8 19. Qxg6+ Kd7 20. Rxe3 d5 21.
Kh1 Rg8 22. Qh5 Rh8 23. Qf3 Bb7 24. Rd1 Kc7 25. Nb3 Qf8 26. Qf2 Qh6 27. Rh3 Qg7
28. Rxh8 Qxh8 29. a4 a5 30. c3 Qf8 31. Nd4 Kd7 32. Nb3 c5 33. c4 Kc7 34. Qd2
Kb6 35. cxd5 Bxd5 36. Qe2 Qe8 37. Nc1 Qxa4 38. Qf1 Rg8 39. Rxd5 exd5 40. Nd3
Qe4 41. h3 Rg3 42. Nf2 Qxf4 0-1

[Event "Bad Woerishofen op"]
[Site "?"]
[Date "2000.??.??"]
[Round "7"]
[White "Mueller, Wolfgang"]
[Black "Rothenhagen, Siegfried"]
[Result "0-1"]
[WhiteElo "1493"]
[BlackElo "1671"]
[PlyCount "95"]
[EventDate "2000.??.??"]

1. e4 c5 2. Nf3 d6 3. d4 cxd4 4. Nxd4 Nf6 5. Bd3 g6 6. c3 Bg7 7. O-O O-O 8. Be3
Bd7 9. Nd2 Nc6 10. Nxc6 Bxc6 11. f4 Qd7 12. h3 Rfd8 13. f5 d5 14. e5 Ne4 15.
fxg6 hxg6 16. Nxe4 dxe4 17. Bc4 Bd5 18. Bxd5 Qxd5 19. Qxd5 Rxd5 20. Rf4 Rxe5
21. Bd4 Re6 22. Bxg7 Kxg7 23. Rd1 f5 24. g4 Kf6 25. Rf2 Rd6 26. Rxd6+ exd6 27.
gxf5 gxf5 28. Rd2 Ke5 29. c4 Rg8+ 30. Kf2 b6 31. b4 Rc8 32. c5 bxc5 33. bxc5
Rxc5 34. h4 f4 35. Rb2 Rc7 36. a4 Rh7 37. Rb5+ d5 38. a5 Rxh4 39. a6 Rh2+ 40.
Kg1 Ra2 41. Rb7 Rxa6 42. Re7+ Kd4 43. Rb7 Ra2 44. Rc7 e3 45. Rc1 f3 46. Kf1 Ke4
47. Rb1 Rg2 48. Ke1 0-1

[Event "Bad Woerishofen op"]
[Site "?"]
[Date "2000.??.??"]
[Round "9"]
[White "Mueller, Wolfgang"]
[Black "Weber, Ludwig"]
[Result "1-0"]
[WhiteElo "1493"]
[BlackElo "1400"]
[PlyCount "92"]
[EventDate "2000.??.??"]

1. e4 e5 2. Nf3 Nc6 3. d4 exd4 4. Nxd4 Qf6 5. Nxc6 dxc6 6. Bd3 Ne7 7. O-O Ng6
8. Nc3 Bd6 9. Qh5 Ne5 10. Bg5 Qg6 11. Qxg6 hxg6 12. Be2 Nc4 13. g3 Be6 14. b3
Nb6 15. Be3 O-O-O 16. f4 f6 17. a4 Kb8 18. a5 Nd7 19. Na4 Rh7 20. Rab1 Be7 21.
b4 Rdh8 22. Rf2 g5 23. fxg5 fxg5 24. Nc5 Nxc5 25. bxc5 Rf8 26. Rxf8+ Bxf8 27.
Ba6 Bc8 28. Bd3 Rh6 29. a6 Ka8 30. axb7+ Bxb7 31. e5 Re6 32. Bd4 a6 33. Rf1 Be7
34. Rf7 g6 35. Rg7 a5 36. Bc4 Bxc5 37. Bxc5 Rxe5 38. Rg8+ Bc8 39. Bd4 Re4 40.
c3 Kb7 41. Rxg6 Bh3 42. Kf2 a4 43. Rxg5 Bc8 44. Ra5 Re8 45. Rxa4 Be6 46. Bxe6
Rxe6 1-0

[Event "Bad Woerishofen op"]
[Site "Bad Woerishofen"]
[Date "2000.??.??"]
[Round "1"]
[White "Muench, Werner"]
[Black "Bartels, Holger"]
[Result "0-1"]
[WhiteElo "1703"]
[BlackElo "2154"]
[PlyCount "80"]
[EventDate "1998.03.05"]
[Source "ChessBase"]
[SourceDate "1998.04.29"]

1. d4 d5 2. Nf3 Nf6 3. e3 Bg4 4. c4 c6 5. Nc3 e6 6. Be2 Nbd7 7. O-O Bd6 8. cxd5
exd5 9. Bd2 O-O 10. Qc2 Re8 11. Bd3 Nf8 12. e4 dxe4 13. Nxe4 Nxe4 14. Bxe4 Bxf3
15. Bxf3 Qh4 16. g3 Qxd4 17. Bc3 Qc4 18. Rac1 Qxa2 19. Ra1 Qe6 20. Rfe1 Qd7 21.
Rxe8 Qxe8 22. Qf5 Qe6 23. Qg5 f6 24. Qd2 Bc7 25. Re1 Qf7 26. Qe2 Rd8 27. Bb4
Nd7 28. Qc2 Ne5 29. Be2 Qd5 30. Rd1 Nf3+ 31. Bxf3 Qxf3 32. Qc4+ Rd5 33. Re1 Be5
34. Re3 Qd1+ 35. Kg2 Qd4 36. Qxd4 Rxd4 37. Bc5 Rd2 38. b3 b6 39. Bb4 Rb2 40.
Rd3 c5 0-1

[Event "Bad Woerishofen op"]
[Site "?"]
[Date "2000.??.??"]
[Round "3"]
[White "Muench, Werner"]
[Black "Braun, Erhard"]
[Result "0-1"]
[WhiteElo "1703"]
[BlackElo "1906"]
[PlyCount "38"]
[EventDate "2000.??.??"]

1. d4 Nf6 2. Nf3 g6 3. e3 Bg7 4. Be2 c5 5. O-O cxd4 6. exd4 O-O 7. c4 d5 8. Nc3
Nc6 9. Be3 Bg4 10. Rc1 dxc4 11. Bxc4 Qa5 12. h3 Bf5 13. Qe2 a6 14. d5 Nd8 15.
Nd4 Bd7 16. Nb3 Qc7 17. a4 Ne8 18. a5 Nd6 19. Bb6 Qxc4 0-1

[Event "Bad Woerishofen op"]
[Site "?"]
[Date "2000.??.??"]
[Round "6"]
[White "Muench, Werner"]
[Black "Ruppert, Lothar"]
[Result "1-0"]
[WhiteElo "1703"]
[BlackElo "1919"]
[PlyCount "120"]
[EventDate "2000.??.??"]

1. d4 d5 2. Nf3 Nf6 3. e3 Bg4 4. c4 e6 5. cxd5 exd5 6. Qb3 Qc8 7. Bd2 Nbd7 8.
Na3 c6 9. Rc1 a6 10. Bb4 Rb8 11. Bxf8 Kxf8 12. Qb4+ Kg8 13. Be2 g6 14. O-O Kg7
15. Nb1 Qf8 16. Qxf8+ Rhxf8 17. Nc3 Rfe8 18. h3 Bf5 19. Na4 Ne4 20. Nc5 Ndxc5
21. dxc5 Rbd8 22. Nd4 Bc8 23. Rfd1 Ng5 24. b4 Ne6 25. Bf3 Nxd4 26. exd4 Bf5 27.
Re1 Bd3 28. Re3 Rxe3 29. fxe3 f5 30. Rc3 Bb5 31. Kf2 Re8 32. Rc1 a5 33. a3 axb4
34. axb4 Ra8 35. Rc2 Ra1 36. g4 Rb1 37. gxf5 Bd3 38. Ra2 Bxf5 39. Ra7 Rxb4 40.
Bg4 Kf6 41. Ra8 Bxg4 42. hxg4 Kg5 43. Kf3 Rb1 44. Rh8 Rf1+ 45. Kg2 Rf7 46. Kg3
h6 47. Re8 Kf6 48. Rh8 Kg7 49. Re8 g5 50. Re6 Kh7 51. e4 dxe4 52. Rxe4 Rd7 53.
Kf3 Kg7 54. Ke3 Kf7 55. Kd3 Re7 56. Re5 Rxe5 57. dxe5 Kg6 58. Ke4 h5 59. gxh5+
Kxh5 60. Kf5 Kh6 1-0

[Event "Bad Woerishofen op"]
[Site "?"]
[Date "2000.??.??"]
[Round "8"]
[White "Muench, Werner"]
[Black "Baeuml, Ulrich"]
[Result "0-1"]
[WhiteElo "1703"]
[BlackElo "2082"]
[PlyCount "30"]
[EventDate "2000.??.??"]

1. d4 c5 2. c3 d5 3. Nf3 Nf6 4. g3 Bf5 5. Bg2 e6 6. O-O Be7 7. Be3 Ng4 8. Qd2
Nxe3 9. Qxe3 Qb6 10. Qd2 Nc6 11. Na3 O-O 12. Rfc1 Rfc8 13. e3 cxd4 14. Nxd4
Nxd4 15. Qxd4 Qxb2 0-1

[Event "Bad Woerishofen op"]
[Site "?"]
[Date "2000.??.??"]
[Round "2"]
[White "Muenchhalfen, Harald"]
[Black "Malzer, Werner"]
[Result "0-1"]
[WhiteElo "1480"]
[BlackElo "1852"]
[PlyCount "92"]
[EventDate "2000.??.??"]

1. d4 d5 2. Nf3 g6 3. e3 Bg7 4. Bd3 Bg4 5. c4 e6 6. Nbd2 Nd7 7. Qb3 Bxf3 8.
Nxf3 dxc4 9. Bxc4 Nb6 10. Bd3 Ne7 11. Bd2 O-O 12. O-O Rb8 13. Rac1 Qd7 14. Bc3
c6 15. Rfd1 Nbd5 16. Rd2 Bh6 17. Ne5 Qd8 18. Rdd1 Qc7 19. Bd2 Rfd8 20. g3 Nf6
21. Bf1 Nd7 22. Nf3 Nd5 23. Bg2 N5f6 24. Qc2 Rbc8 25. Ne1 Qb8 26. Nd3 Nd5 27.
a3 Ne7 28. Bb4 Nf5 29. Ne1 Nb6 30. Ba5 Rd7 31. Bxb6 axb6 32. Rb1 Rcc7 33. Nf3
Bg7 34. Qb3 b5 35. Rbc1 Rc8 36. Ng5 Rcd8 37. Nf3 Bf6 38. Bh3 Kg7 39. Rd3 h5 40.
Bxf5 exf5 41. Rcd1 Rd5 42. Kg2 h4 43. Qc2 Rh8 44. Qb1 Qe8 45. Re1 Qe4 46. Rdd1
h3+ 0-1

[Event "Bad Woerishofen op"]
[Site "?"]
[Date "2000.??.??"]
[Round "4"]
[White "Muenchhalfen, Harald"]
[Black "Traub, Heinrich"]
[Result "0-1"]
[WhiteElo "1480"]
[BlackElo "1679"]
[PlyCount "64"]
[EventDate "2000.??.??"]

1. d4 Nf6 2. Nf3 e6 3. e3 d5 4. Bd3 Bd6 5. Nbd2 Nbd7 6. c3 O-O 7. O-O h6 8. Qe2
c5 9. e4 cxd4 10. e5 dxc3 11. bxc3 Nxe5 12. Nxe5 Qc7 13. Nef3 Qxc3 14. Nb3 Qc7
15. Bb2 Ng4 16. h3 Nh2 17. Rac1 Nxf3+ 18. Qxf3 Qe7 19. Rfe1 b6 20. Re2 Bb7 21.
Qg4 f5 22. Qd4 e5 23. Qe3 f4 24. Qd2 Qg5 25. Bb1 d4 26. f3 Rae8 27. Rce1 Bxf3
28. Rf2 Bb7 29. Be4 Bxe4 30. Rxe4 Qg6 31. Re1 Rc8 32. Rff1 Rc2 0-1

[Event "Bad Woerishofen op"]
[Site "?"]
[Date "2000.??.??"]
[Round "5"]
[White "Muenchhalfen, Harald"]
[Black "Schweitzer, Paul"]
[Result "0-1"]
[WhiteElo "1480"]
[BlackElo "1690"]
[PlyCount "78"]
[EventDate "2000.??.??"]

1. d4 Nf6 2. Nf3 g6 3. g3 Bg7 4. Bg2 c6 5. c4 d6 6. Bf4 Nbd7 7. Nc3 O-O 8. O-O
Qa5 9. Qd2 e5 10. dxe5 dxe5 11. Bh6 Nb6 12. Bxg7 Kxg7 13. b3 Be6 14. Rfd1 Rad8
15. Qc2 Bf5 16. e4 Bg4 17. h3 Bxf3 18. Bxf3 Qc5 19. Rxd8 Rxd8 20. Rd1 Rd4 21.
Ne2 Rxd1+ 22. Qxd1 h5 23. h4 Qa3 24. Qd2 Nxc4 25. bxc4 Qxf3 26. Nc3 Nxe4 27.
Nxe4 Qxe4 28. Qd7 Qxc4 29. Qxb7 a6 30. Qc7 Qb5 31. Kg2 a5 32. Kf3 Qd5+ 33. Ke3
a4 34. Qb8 c5 35. f4 Qd4+ 36. Kf3 e4+ 37. Kg2 a3 38. Kh3 e3 39. f5 e2 0-1

[Event "Bad Woerishofen op"]
[Site "?"]
[Date "2000.??.??"]
[Round "7"]
[White "Muenchhalfen, Harald"]
[Black "Berchtold, Peter"]
[Result "0-1"]
[WhiteElo "1480"]
[BlackElo "1275"]
[PlyCount "25"]
[EventDate "2000.??.??"]

1. d4 Nf6 2. Nf3 d5 3. e3 Bf5 4. Bd3 Ne4 5. Nbd2 e6 6. O-O Bd6 7. h3 O-O 8. c4
c6 9. Qc2 Qf6 10. Bxe4 dxe4 11. Nxe4 Qg6 12. Nfd2 Bxh3 13. Kh1 0-1

[Event "Bad Woerishofen op"]
[Site "?"]
[Date "2000.??.??"]
[Round "9"]
[White "Muenchhalfen, Harald"]
[Black "Koeck, Birgit"]
[Result "1/2-1/2"]
[WhiteElo "1480"]
[BlackElo "1056"]
[PlyCount "65"]
[EventDate "2000.??.??"]

1. d4 d5 2. Nf3 Nf6 3. e3 Nc6 4. c3 Bg4 5. Nbd2 Bxf3 6. Nxf3 e5 7. dxe5 Ne4 8.
Bd3 f6 9. exf6 Qxf6 10. O-O O-O-O 11. Nd4 Nxd4 12. cxd4 Bd6 13. Bxe4 dxe4 14.
Qg4+ Kb8 15. Qxe4 Qg5 16. b4 Qh5 17. h3 g5 18. a3 Rhg8 19. Qg4 Qe8 20. Re1 h5
21. Qe2 h4 22. e4 Qg6 23. e5 Rde8 24. Qe4 g4 25. Qxg6 Rxg6 26. Bd2 gxh3 27. g3
hxg3 28. fxg3 Rxg3+ 29. Kh2 Reg8 30. Rg1 Rg2+ 31. Rxg2 Rxg2+ 32. Kxh3 Rxd2 33.
exd6 1/2-1/2

[Event "Bad Woerishofen op"]
[Site "Bad Woerishofen"]
[Date "2000.??.??"]
[Round "1"]
[White "Neubauer, Ralf"]
[Black "Schlindwein, Rolf"]
[Result "0-1"]
[WhiteElo "2045"]
[BlackElo "2447"]
[PlyCount "46"]
[EventDate "1998.03.05"]
[Source "ChessBase"]
[SourceDate "1998.04.29"]

1. d4 d5 2. c4 Bf5 3. Nc3 e6 4. Bf4 c6 5. e3 Bd6 6. Bg3 Bxg3 7. hxg3 Qb6 8. Qb3
Nd7 9. Nf3 h6 10. c5 Qc7 11. Rd1 Ngf6 12. Bd3 Bxd3 13. Rxd3 e5 14. Nxe5 Nxe5
15. dxe5 Nd7 16. Qb4 Nxe5 17. Rd1 O-O 18. Qf4 Rae8 19. Rh5 Qe7 20. Kf1 f5 21.
Rxf5 Nc4 22. b3 Rxf5 23. Qxf5 Nxe3+ 0-1